| 000 | 00619nam a2200229Ia 4500 | ||
|---|---|---|---|
| 003 | OSt | ||
| 005 | 20220928144725.0 | ||
| 006 | a|||||r|||| 00| 0 | ||
| 007 | ta | ||
| 008 | 220927b |||||||| |||| 00| 0 eng d | ||
| 024 | _a73281 | ||
| 037 | _cTextual | ||
| 040 |
_aSDCL _cSDCL _beng |
||
| 041 |
_2eng _aeng |
||
| 082 | _aO-,2K:g, N6 | ||
| 100 |
_aCerasano S P _9509262 |
||
| 245 | 0 |
_aRenaissance drama by women _b Texts and documents. |
|
| 260 | _c1996 | ||
| 700 |
_a Wynne-Davies Marion _9509263 |
||
| 942 |
_hO-,2K:g, N6 _cTEXL _2CC |
||
| 999 |
_c829184 _d829184 |
||